000
00265nam a2200097Ia 4500
082
_a
EF OBRI
245
0
_a
The hard life : an exegesis of squalor
100
_a
O'BRIEN, Flann London, 2003
_9
93521
942
_c
BK
008
210817s9999 xx 000 0 und d
999
_c
382091
_d
382090